<?xml version="1.0" encoding="UTF-8"?>
<record
    xmlns:xsi="http://www.w3.org/2001/XMLSchema-instance"
    xsi:schemaLocation="http://www.loc.gov/MARC21/slim http://www.loc.gov/standards/marcxml/schema/MARC21slim.xsd"
    xmlns="http://www.loc.gov/MARC21/slim">

  <leader>01846nam a22001697a 4500</leader>
  <controlfield tag="008">151030b        xxu||||| |||| 00| 0 eng d</controlfield>
  <datafield tag="020" ind1=" " ind2=" ">
    <subfield code="a">9788125919018</subfield>
  </datafield>
  <datafield tag="050" ind1=" " ind2=" ">
    <subfield code="a">RC440.H335</subfield>
  </datafield>
  <datafield tag="100" ind1=" " ind2=" ">
    <subfield code="a">Jacob, Alphonsa</subfield>
  </datafield>
  <datafield tag="245" ind1=" " ind2=" ">
    <subfield code="a">Handbook of psychiatric nursing. /</subfield>
    <subfield code="c">Alphonsa Jacob</subfield>
  </datafield>
  <datafield tag="250" ind1=" " ind2=" ">
    <subfield code="a">2nd ed.</subfield>
  </datafield>
  <datafield tag="260" ind1=" " ind2=" ">
    <subfield code="a">New Delhi:</subfield>
    <subfield code="b">Vikas Publishing House Ltd,</subfield>
    <subfield code="c">c2007.</subfield>
  </datafield>
  <datafield tag="300" ind1=" " ind2=" ">
    <subfield code="a">viii, 381p.</subfield>
    <subfield code="c">21cm.</subfield>
  </datafield>
  <datafield tag="505" ind1=" " ind2=" ">
    <subfield code="a">Contents: Introduction: Meaning of mental health and illness -- Ego defence or mental mechanism -- Personality theories and types -- Evolution of psychiatry: Philosophers of psychiatry and some milestones -- History of psychiatry nursing -- Rights and duties of a nurse -- Qualities of a nurse -- Symptomatology: Signs, symptoms, cause and misconceptions of mental illness -- Mental health assessment: The Psychiatric interview -- Meeting the patient -- Nurse-patient relationship -- Observation and recording of mental illness -- Process recording -- Community mental health: National mental health programme -- Rehabilitation and community services -- Psychiatric nursing practices -- Rhabilitation requirements -- General principles of psychiatric nursing -- Therapeutic techniques in psychiatric nursing -- Mental disorders: Classification of mental illness -- Organic disorders -- Functional disorders -- Drug addiction and alcoholism -- Personality disorders -- Sexual anomalies -- Neuroses -- Epilepsy -- Mental retardation -- Bio-psychosocial therapies: Psychopharmacology or pharmacotherapy -- Therapies in psychiatry -- Somatic illnesses: Psychophysiological disorders -- Psychiatric problems in children -- Disorders of puerperium, old age and adolescence -- A Case study on bipolar affective disorder -- Crisis in psychiatry nursing: Legagal aspects in Indian psychiatry.</subfield>
  </datafield>
  <datafield tag="650" ind1=" " ind2=" ">
    <subfield code="a">Psychiatric nursing</subfield>
  </datafield>
  <datafield tag="942" ind1=" " ind2=" ">
    <subfield code="2">lcc</subfield>
    <subfield code="c">BK</subfield>
  </datafield>
  <datafield tag="999" ind1=" " ind2=" ">
    <subfield code="c">5824</subfield>
    <subfield code="d">13324</subfield>
  </datafield>
  <datafield tag="952" ind1=" " ind2=" ">
    <subfield code="0">0</subfield>
    <subfield code="1">0</subfield>
    <subfield code="2">lcc</subfield>
    <subfield code="4">0</subfield>
    <subfield code="7">0</subfield>
    <subfield code="a">WIUC-1</subfield>
    <subfield code="b">WIUC-1</subfield>
    <subfield code="c">NURS L.</subfield>
    <subfield code="d">2015-10-30</subfield>
    <subfield code="l">0</subfield>
    <subfield code="o">RC440.H335</subfield>
    <subfield code="p">NURS/214/15</subfield>
    <subfield code="r">2015-10-30 00:00:00</subfield>
    <subfield code="w">2015-10-30</subfield>
    <subfield code="y">BK</subfield>
  </datafield>
  <datafield tag="952" ind1=" " ind2=" ">
    <subfield code="0">0</subfield>
    <subfield code="1">0</subfield>
    <subfield code="2">lcc</subfield>
    <subfield code="4">0</subfield>
    <subfield code="7">0</subfield>
    <subfield code="a">WIUC-KL</subfield>
    <subfield code="b">WIUC-KL</subfield>
    <subfield code="c">NURS L.</subfield>
    <subfield code="d">2019-07-03</subfield>
    <subfield code="o">RC440.H335</subfield>
    <subfield code="p">KSN/258/19</subfield>
    <subfield code="r">2020-03-24 00:00:00</subfield>
    <subfield code="t">1</subfield>
    <subfield code="w">2020-03-24</subfield>
    <subfield code="y">BK</subfield>
  </datafield>
  <datafield tag="952" ind1=" " ind2=" ">
    <subfield code="0">0</subfield>
    <subfield code="1">0</subfield>
    <subfield code="2">lcc</subfield>
    <subfield code="4">0</subfield>
    <subfield code="7">0</subfield>
    <subfield code="a">WIUC-KL</subfield>
    <subfield code="b">WIUC-KL</subfield>
    <subfield code="c">NURS L.</subfield>
    <subfield code="d">2019-07-03</subfield>
    <subfield code="o">RC440.H3351</subfield>
    <subfield code="p">KSN/259/19</subfield>
    <subfield code="r">2020-03-24 00:00:00</subfield>
    <subfield code="t">2</subfield>
    <subfield code="w">2020-03-24</subfield>
    <subfield code="y">BK</subfield>
  </datafield>
</record>
